Cash flow management: (Record no. 59549)
[ view plain ]
| 000 -LEADER | |
|---|---|
| fixed length control field | 00411nam a22001457a 4500 |
| 008 - FIXED-LENGTH DATA ELEMENTS--GENERAL INFORMATION | |
| fixed length control field | 250116b ||||| |||| 00| 0 eng d |
| 020 ## - INTERNATIONAL STANDARD BOOK NUMBER | |
| International Standard Book Number | 9879966084086 |
| 050 ## - LIBRARY OF CONGRESS CALL NUMBER | |
| Classification number | HG4028 |
| Item number | .M38 2009 |
| 100 ## - MAIN ENTRY--PERSONAL NAME | |
| Personal name | Mburu, Henry Kimani |
| 245 ## - TITLE STATEMENT | |
| Title | Cash flow management: |
| Remainder of title | all you need to know/ |
| 260 ## - PUBLICATION, DISTRIBUTION, ETC. (IMPRINT) | |
| Place of publication, distribution, etc | Nairobi; Kenya |
| Name of publisher, distributor, etc | Paulines Publications Africa |
| 300 ## - PHYSICAL DESCRIPTION | |
| Extent | 64p.; |
| Dimensions | 21 cm. |
| 650 ## - SUBJECT ADDED ENTRY--TOPICAL TERM | |
| Topical term or geographic name as entry element | Cash flow. |
| 942 ## - ADDED ENTRY ELEMENTS (KOHA) | |
| Source of classification or shelving scheme | Library of Congress Classification |
| Item type | Book |
| Withdrawn status | Lost status | Source of classification or shelving scheme | Damaged status | Not for loan | Collection code | Home library | Current library | Shelving location | Date acquired | Source of acquisition | Cost, normal purchase price | Full call number | Barcode | Date last seen | Copy number | Price effective from | Koha item type |
|---|---|---|---|---|---|---|---|---|---|---|---|---|---|---|---|---|---|
| Library of Congress Classification | Non-fiction | Bishop Okullu Memorial Library (Limuru Campus) | Bishop Okullu Memorial Library (Limuru Campus) | General Circulation | 16/01/2025 | donation | 275.00 | HG4028 .M38 2009 | 072232 | 16/01/2025 | 1 | 16/01/2025 | Book |